000 00947nam a2200265Ia 4500
003 OSt
005 20220923211508.0
006 a|||||r|||| 00| 0
007 ta
008 220922b |||||||| |||| 00| 0 pan d
020 _a9789352910267 (hbk)
_c250
024 _a352,551
037 _b1180, 22/01/2020, H.K. Prakashan
_cTextual
040 _aARTS
_cARTS
_bpan
041 _2pan
_apan
082 _aO153,1NSIx, Q8
100 _aਸਿੱਧੂ, ਕੰਵਲਜੀਤ ਸਿੰਘ
_9156370
245 0 _aਸਖ਼ਰ ਤਾਰੇ ਤੇ ਰੂਹਾਂ
260 _aਲੁਧਿਆਣਾ
_b ਸਵੀਨਾ ਪਬਲੀਕੇFਨਗ਼
_c2018
300 _a144ਪੰ
_ccm.
650 _a ਪੰਜਾਬੀ ਸਾਹਿਤ
650 _aਸ਼ਚਅਹ਼ਲਜ
942 _hO153,1NSIx, Q8
_cTEXL
_2CC
999 _c300137
_d300137